My Bible friends, bk. 4 / : (Record no. 109883)
[ view plain ]
| 000 -LEADER | |
|---|---|
| fixed length control field | 00669nam a2200205 a 4500 |
| 001 - CONTROL NUMBER | |
| control field | 1004 |
| 005 - DATE AND TIME OF LATEST TRANSACTION | |
| control field | 20140414131845.0 |
| 008 - FIXED-LENGTH DATA ELEMENTS--GENERAL INFORMATION | |
| fixed length control field | 041013s19uu xx 00 eng d |
| 050 ## - LIBRARY OF CONGRESS CALL NUMBER | |
| Classification number | M 220.9 |
| Item number | D37 Bk.4 |
| 100 ## - MAIN ENTRY--PERSONAL NAME | |
| Personal name | Degering, Etta |
| 245 ## - TITLE STATEMENT | |
| Title | My Bible friends, bk. 4 / : |
| Statement of responsibility, etc | Etta Degering. |
| Remainder of title | Samuel, the Little Priest--David, the Youngest Boy / |
| 260 ## - PUBLICATION, DISTRIBUTION, ETC. (IMPRINT) | |
| Place of publication, distribution, etc | Manila, Philippines : |
| Name of publisher, distributor, etc | Philippine Publishing, |
| Date of publication, distribution, etc | [n.d.] |
| 300 ## - PHYSICAL DESCRIPTION | |
| Extent | 1 v. : ill. ; cm. |
| 440 ## - SERIES STATEMENT/ADDED ENTRY--TITLE | |
| Title | My Bible friends |
| 500 ## - GENERAL NOTE | |
| General note | Contents: Samuel, the Little Priest--David, the Youngest Boy. |
| 650 ## - SUBJECT ADDED ENTRY--TOPICAL TERM | |
| Topical term or geographic name as entry element | Bible stories |
| General subdivision | O.T. |
| 650 ## - SUBJECT ADDED ENTRY--TOPICAL TERM | |
| Topical term or geographic name as entry element | Bible Character, O.T. |
| Withdrawn status | Lost status | Damaged status | Use restrictions | Home library | Current library | Shelving location | Date acquired | Source of acquisition | Total Checkouts | Full call number | Barcode | Date last seen | Price effective from | Koha item type |
|---|---|---|---|---|---|---|---|---|---|---|---|---|---|---|
| Munich Library | Munich Library | Main Section | 10/13/2004 | M 220.9 D37 Bk.4 | M0065 | 04/14/2014 | 04/14/2014 | Books | ||||||
| Munich Library | Munich Library | Main Section | 06/22/2010 | M 220.9 D37 Bk.4 | M0064 | 04/14/2014 | 04/14/2014 | Books |